Japanese prints : From the early masters to the modern
This book deals with what have been called the magnificent scraps of paper the woodblock prints of Japan, and with their modern successors the creative prints, of which more later. The proper name for the traditional prints reveals their meaning: ukiyo-e, pictures of the passing world, and the three...
Guardado en:
| Autor principal: | |
|---|---|
| Formato: | Libro |
| Lenguaje: | Undetermined |
| Publicado: |
Honolulu, Hawaii
The Honolulu Academy Arts
1959
|
| Materias: | |
| Etiquetas: |
Agregar Etiqueta
Sin Etiquetas, Sea el primero en etiquetar este registro!
|
| Thư viện lưu trữ: | Trung tâm Học liệu Trường Đại học Cần Thơ |
|---|
| LEADER | 01040nam a2200217Ia 4500 | ||
|---|---|---|---|
| 001 | CTU_104716 | ||
| 008 | 210402s9999 xx 000 0 und d | ||
| 020 | |c 24.75 | ||
| 082 | |a 769.952 | ||
| 082 | |b M623 | ||
| 100 | |a Michener, James A. | ||
| 245 | 0 | |a Japanese prints : | |
| 245 | 0 | |b From the early masters to the modern | |
| 245 | 0 | |c James A. Michener | |
| 260 | |a Honolulu, Hawaii | ||
| 260 | |b The Honolulu Academy Arts | ||
| 260 | |c 1959 | ||
| 520 | |a This book deals with what have been called the magnificent scraps of paper the woodblock prints of Japan, and with their modern successors the creative prints, of which more later. The proper name for the traditional prints reveals their meaning: ukiyo-e, pictures of the passing world, and the three examples which open this easy, prints 2, 3 and 4 have been especially chosen to illustrate certain basic aspects of this enchanting art. | ||
| 650 | |a Printing, Japanese,In ấn, Nhật Bản | ||
| 904 | |i Minh | ||
| 980 | |a Trung tâm Học liệu Trường Đại học Cần Thơ | ||